MDQL
is popping MORE tags! Check the
thread
!
Quizzes
Events
Quiz Creation
Community
Videos
Private Events
Remove Ads
Sign In
Join for FREE
Feedback
Dark Mode
Quiz Categories
Sports
Geography
Music
Movies
Television
Just For Fun
Miscellaneous
History
Literature
Language
Science
Gaming
Entertainment
Religion
Holiday
For Kids
Quiz Lab
Recent
Popular Today
Quiz Kudos Today
Editor Picks
Curator Picks
Quizzes by...
Day
Popularity
Type
Ratings
Length
Year
Community
Subscriptions
Recent Discussions
Orange Saloon
Badges
Playlists
Quests
Create
Leaderboards
Showdown
Live 5
Trivia Bingo
Activity
Puzzle Library
Sporcle Events
Private Events
Virtual Trivia
Globe League
Become a Host
Pub Owners
SporcleCon
Opinionation
Our Games
Videos
Blog
Mobile Apps
Partnerships
Remove Ads and Go Orange
Feedback
Movies
Disney
Marvel Cinematic Universe
Movie Resume
Movie Titles
Oscar
Actor
Actress
Director
Pixar
Role
Movie Quotes
Movie Characters
Box Office
Nominee
Best Picture
Star Wars
James Bond
Horror Movies
Movies
Disney
Marvel Cinematic Universe
Movie Resume
Movie Titles
Oscar
Actor
Actress
Director
Pixar
Role
Movie Quotes
Movie Characters
Box Office
Nominee
Best Picture
Star Wars
James Bond
Horror Movies
Random Quiz
Search Sporcle
×
Quiz Lab
Quiz Lab
Movies
Nominee
Type in answers that appear in a list
Type in answers that appear in a list
Classic
Best Score? Go Orange.
Golden Globe Nominees - 2016-2019 Stats
Can you name every actor nominated for a film Golden Globe from 2016-2018?
By
eam311
13m
99 Questions
277 Plays
277 Plays
277 Plays
Comments
Comments
Give Quiz Kudos
Give Quiz Kudos
-
- Ratings
hide this ad
Replay
Link that replays current quiz
Next Quiz
Link to next quiz in quiz playlist
You Got
0%
They Got
Avg Score
59%
Avg Friend Score
Upgrade to see
Score Distribution
Jump to the score distribution portion of the page
Score
0/99
Timer
13:00
0
Plays Today
Answer
% Correct
BRAD PITT
100%
EMMA STONE
99.6%
Leonardo DiCaprio
98.4%
RYAN GOSLING
98.2%
Amy Adams
97.8%
Bradley Cooper
96.9%
John David Washington
96.9%
OLIVIA COLMAN
96.9%
Margot Robbie
96.7%
SAOIRSE RONAN
96.3%
Denzel Washington
96%
RAMI MALEK
95.6%
GLENN CLOSE
95.6%
Lady Gaga
95.6%
ALLISON JANNEY
95.3%
Meryl Streep
95.3%
Scarlett Johansson
95.2%
Lucas Hedges
95%
Rachel Weisz
95%
MAHERSHALA ALI
94.9%
VIOLA DAVIS
94.9%
Timothée Chalamet
94.9%
Octavia Spencer
94.6%
SAM ROCKWELL
94.4%
CHRISTIAN BALE
94.4%
CASEY AFFLECK
94.2%
Sally Hawkins
93.9%
Michelle Williams
93.9%
Richard E. Grant
93.8%
LAURA DERN
93.7%
Roman Griffin Davis
93.7%
GARY OLDMAN
93.5%
Melissa McCarthy
93.1%
Answer
% Correct
Emily Blunt
93.1%
Andrew Garfield
92.8%
Natalie Portman
92.8%
Richard Jenkins
92.5%
Laurie Metcalf
92.5%
Adam Driver
92.5%
Viggo Mortensen
92.1%
Naomie Harris
92.1%
Nicole Kidman
92.1%
FRANCES MCDORMAND
92.1%
Anthony Hopkins
92.1%
REGINA KING
91.9%
Charlize Theron
91.3%
ISABELLE HUPPERT
91%
Ruth Negga
90.6%
JOAQUIN PHOENIX
90.5%
Al Pacino
90.5%
Tom Hanks
90.2%
Claire Foy
90%
Daniel Day-Lewis
89.7%
Hugh Grant
89.5%
Daniel Kaluuya
89.3%
Christopher Plummer
88.8%
Dev Patel
88.1%
Willem Dafoe
87.9%
Armie Hammer
87.9%
Rosamund Pike
87.5%
Mary J. Blige
87.4%
Joe Pesci
87.3%
Simon Helberg
86.3%
Joel Edgerton
85.9%
AARON TAYLOR-JOHNSON
85.9%
RENEE ZELLWEGER
85.7%
Answer
% Correct
Jonathan Pryce
85.7%
Jeff Bridges
85.6%
Elsie Fisher
85%
Lin-Manuel Miranda
85%
Hugh Jackman
84.6%
Steve Carell
84.1%
JAMES FRANCO
84.1%
Judi Dench
84.1%
Constance Wu
83.1%
Cate Blanchett
82.5%
Kathy Bates
82.5%
Antonio Banderas
82.5%
TARON EGERTON
82.5%
Robert Redford
81.9%
Annette Bening
81.6%
Jessica Chastain
81.2%
Helen Mirren
80.8%
Jonah Hill
80.5%
Hong Chau
80.4%
Ryan Reynolds
80.1%
Ansel Elgort
79.9%
John C. Reilly
78.8%
Jennifer Lopez
77.8%
Hailee Steinfeld
77.6%
Lily Collins
76.5%
Cynthia Erivo
76.2%
Daniel Craig
76.2%
AWKWAFINA
74.6%
Beanie Feldstein
74.6%
Colin Farrell
72.9%
Ana de Armas
69.8%
Emma Thompson
68.3%
Eddie Murphy
68.3%
Quiz Playlist
Details
Report
Send in Message
Add To Playlist
Classic:
Type in answers that appear in a list
Last Updated: Jul 14, 2020
Quiz Scoreboard
CHALLENGE
Sign Up to Join the Scoreboard
Show All
Scores
Hide
Comments
May contain spoilers
Recently Published
1-10 Letter E Words III
by El_Dandy
Language
2m
Street Fighter Characters
by Artimus82
Gaming
60s
College Basketball Coaching Resumes
by pancakes188
Sports
9m
More to Explore
Quiz From the Vault
Featured Blog Post
Where Did the Easter Bunny Come From?
hide this ad
You Might Also Like...
Tags
Actor Quiz
Nominee Quiz
2016
globe
Today's Top Quizzes in Movies
Browse Movies
hide this ad
Today's Top Quizzes in Nominee
Browse Nominee
Top Contributed Quizzes in Movies
1
Pick 5 Posters: Directed by Spielberg
2
7-to-1: Pixar Characters
3
Hidden Star Wars Character II
4
Pick 5 Posters: Lowest-Rated Spielberg
5
Hidden Star Wars Character III
6
Sorting Actors
7
Sorting Actresses
8
Hidden Star Wars Character IV
9
Pick 5 Posters: Directed by Scorsese
10
Hidden Star Wars Character V
Explore More
Trending Topics
Kpop
Harry Potter
Marvel
NBA
Anime
Crossword
Disney
Song
Puzzle
NFL
WWE
The Office
Soccer
Pokémon
Country
hide this ad
More By:
eam311
Quiz
Plays
Rating
Category
Featured
Created
Every Oscar Winner for Acting Since 1960
1,849
4.83
Movies
May 2, 2017
Every Oscar Nominee for Acting Born in the UK
1,573
3.75
Movies
May 11, 2020
1990-1999 Oscar Nominees
1,124
4.00
Movies
Jan 17, 2017
2010-2020 Oscar Nominees
957
3.00
Movies
Apr 26, 2016
2000-2010 Oscar Nominees
811
4.25
Movies
Jan 17, 2017
Go to Creator's Profile
Score Distribution
Quiz Creator Spotlight
eam311
Follow
Send a Message
Quizzes Created
-
Created Quiz Play Count
-
More By This Creator
Popular Quizzes Today
1
Find the US States - No Outlines Minefield
2
Find the Countries of Europe - No Outlines Minefield
3
The Countries of the World
4
Find the US States
5
Risky Map Clicking: Biggest States A-Z
6
US States
7
Popular People in 1961
8
Movies - When Are They Set?
More Movies Quizzes
Group Clicking: Directors
Curator's Pick
Trending Quizzes
Risky Map Clicking: Least Populous States A-Z
Billboard Blitz: Aretha Franklin
Famous Russians: Author or Composer?
1-10 Letter G Words
Countries of the World: 200 Million BC
Recently Updated
Leaping Animals
pecheneg
Reality TV Shows (A-Z)
bhenderson79
Rickey Henderson's Hall of Fame Teammates
pecheneg
Champions League XIs: Arsenal
pecheneg
Quick Pick: Celebrities in WWE's Hall of Fame
aduchscher
A-Z Keypad Blitz II
pecheneg
Multiple Oscar Actors
pecheneg
Mystery Phrase Blitz: Oscar 'Best Actors'
pecheneg
F. Scott Fitzgerald Novels
LTH
Pick 3 Villains
ddd62291
Trending Topics
Crossword
Kpop
Disney
NBA
Marvel
Harry Potter
Anime
Country
The Office
WWE
Song
Pokémon
Puzzle
Soccer
NFL
Your Account Isn't Verified!
In order to create a playlist on Sporcle, you need to verify the email address you used during registration. Go to your
Sporcle Settings
to finish the process.
Report this User
Report this user for behavior that violates our
Community Guidelines
.
Details:
Send Report
Go to the Sporcle.com Mobile Site →
Comments